El control judicial de los medios de comunicación

Shranjeno v:
Bibliografske podrobnosti
Main Authors: Gavara de Cara, Juan Carlos (Author), Miguel Bárcena, Josu de (Author), Capodiferro Cubero, Daniel (Author)
Format: Knjiga
Jezik:španščina
Izdano: s.l Bosch 2015
Izdaja:1a. ed
Serija:Bosch Constitucional
Teme:
Oznake: Označite
Brez oznak, prvi označite!

MARC

LEADER 00000cam a2200000 a 4500
001 UCC9091
003 CL-VaPUC
008 190904e20150000sp |||||||||||||||||spa|d
020 |a 9788494350788 
082 0 4 |a 302.23  |b GAV  |2 21 
100 0 |a Gavara de Cara, Juan Carlos  |e author  |9 603919 
700 0 |a Miguel Bárcena, Josu de  |e author  |9 603920 
700 0 |a Capodiferro Cubero, Daniel  |e author  |9 603921 
245 1 3 |a El control judicial de los medios de comunicación 
250 |a 1a. ed 
300 |a 273 p 
942 |c BK 
945 |d 20190904 15:40:00  |a dcastane 
260 |a s.l  |b Bosch  |c 2015 
650 0 |a Medios de comunicación  |9 257206 
650 7 |a CONTROL DE LA COMUNICACION  |2 CL-VaPUC  |9 412907 
650 0 |a Libertad de expresión   |9 329993 
583 |a last modification  |c 20190904 15:40:00  |k Rodrigo Vera 
490 0 |a Bosch Constitucional 
999 |c 375285  |d 375283 
952 |0 0  |1 0  |3 erb  |4 0  |6 302_230000000000000_GAV_2015  |7 0  |8 WP_COW  |9 561232  |a BIBDER  |b BIBDER  |e Fundación W and P Cowley  |i 5598427  |o 302.23 GAV 2015  |p 5598427  |r 2023-01-25  |w 2020-03-12  |y BK  |z Catalogado en:20190904  |k WPC